<The> Usage and Meaning of the Term "Comparative Advantage" in Pre-Ricardian Economics

Analýza 50 miliónov strán textov z 18. a 19. storočia s výrazom "komparatívna" výhoda a identifikácia jeho významu.

Guardado en:
Detalles Bibliográficos
Autor principal: Grančay, Martin, 1984-2024
Formato: Capítulo de libro
Lenguaje:inglés
Materias:
Etiquetas: Agregar Etiqueta
Sin Etiquetas, Sea el primero en etiquetar este registro!

MARC

LEADER 00000nla a2200000 4500
001 0200783
005 20240502083510.6
041 0 |a eng 
044 |a UA 
245 1 0 |a <The> Usage and Meaning of the Term "Comparative Advantage" in Pre-Ricardian Economics  |c Martin Grančay 
520 |a Analýza 50 miliónov strán textov z 18. a 19. storočia s výrazom "komparatívna" výhoda a identifikácia jeho významu. 
610 2 0 |a výhody komparatívne 
610 2 0 |a klasicizmus 
610 2 0 |a škola klasická 
610 2 0 |a analýzy 
100 1 |a Grančay, Martin, 1984-2024